Statistics for EXTREME Oceania Capitals Quiz

Click here to take the quiz!

General Stats

  • This quiz has been taken 430 times
  • The average score is 17 of 27

Answer Stats

Country/IslandCapital% Correct
AustraliaCanberra
96%
New ZealandWellington
94%
FijiSuva
90%
Samoa/Western SamoaApia
89%
Papua New GuineaPort Moresby
88%
TuvaluFunafuti
87%
VanuatuPort Vila
85%
TongaNuku'alofa
83%
KirabatiSouth Tarawa
82%
Solomon Is.Honiara
81%
NauruYaren DIstrict
79%
Marshall Is.Majuro
77%
Federated States of MicronesiaPalikir
75%
TazmaniaHobart
64%
French PolynesiaPape'ete
54%
New Caledonia (Fr.)Nouméa
50%
Pitcairn Is. (UK)Adamstown
49%
American Samoa (USA)Pago Pago
49%
Northern Mariana Is. (USA)Saipan
40%
Niue (NZ)Alofi
39%
PalauMelekeok
39%
GuamHagatna
37%
Cook Is. (NZ)Avarua
34%
Chistmas Is. (Aus)Flying Fish Cove
34%
Wallis Is. & Futuna (Fr.)Mata-Utu
33%
Norfolk Is. (Aus)Kingston
31%
Cocus Is. (Aus)West Island
26%

Score Distribution

Percentile by Number Answered

Percent of People with Each Score

Your Score History

You have not taken this quiz